What's in a name? The role of 'National Park' designation (Record no. 71770)

MARC details
000 -LEADER
fixed length control field 00913cam a2200205 4500
001 - CONTROL NUMBER
control field ABS66297
008 - FIXED-LENGTH DATA ELEMENTS--GENERAL INFORMATION
fixed length control field 021216n2002 000 0 eng u
035 ## - SYSTEM CONTROL NUMBER
System control number (Sirsi) u120781
100 ## - MAIN ENTRY--PERSONAL NAME
Personal name Willmore, C
245 ## - TITLE STATEMENT
Title What's in a name? The role of 'National Park' designation
260 ## - PUBLICATION, DISTRIBUTION, ETC.
Date of publication, distribution, etc. 2002
490 ## - SERIES STATEMENT
Series statement Journal of Planning and Environment Law
Volume/sequential designation November 2002, 1325-1333(9)
520 ## - SUMMARY, ETC.
Summary, etc. Overview of issue of National Parks as a concept, including public perceptions, international perceptions, definitions, legal powers derived from designation, and differential application of powers. Concludes powers are used differently in relation to National Parks, although the precise extent of these differences varies.
590 ## - LOCAL NOTE (RLIN)
Local note ABS
650 ## - SUBJECT ADDED ENTRY--TOPICAL TERM
Topical term or geographic name entry element NATIONAL PARKS
650 ## - SUBJECT ADDED ENTRY--TOPICAL TERM
Topical term or geographic name entry element NATIONAL PARKS AND ACCESS TO THE COUNTRYSIDE ACT 1949
650 ## - SUBJECT ADDED ENTRY--TOPICAL TERM
Topical term or geographic name entry element PARKS
690 ## - LOCAL SUBJECT ADDED ENTRY--TOPICAL TERM (OCLC, RLIN)
Topical term or geographic name as entry element RURAL-NATURE CONSERVATION
942 ## - ADDED ENTRY ELEMENTS (KOHA)
Suppress in OPAC 0
Holdings
Withdrawn status Lost status Source of classification or shelving scheme Damaged status Not for loan Home library Current library Shelving location Date acquired Total Checkouts Full call number Barcode Date last seen Copy number Price effective from Koha item type
    Dewey Decimal Classification     London London Journal article 16/12/2002   ABS66297 120781-1001 06/08/2019 1 06/08/2019 Journal article